Sports Quiz

Random Sports or Tennis Quiz

Tennis Grand Slam Winners by Decade Quiz Stats

 Plays Quiz Updated Jan 29, 2019

Score 0/30 Timer 04:00
3 Plays Today
tennis player % Correct
Serena Williams (10)
96.4%
Serena Williams (12)
96.4%
Venus Williams (7)
96.1%
Roger Federer (15)
95.7%
Rafael Nadal (6)
94.1%
Rafael Nadal (11)
94.1%
Roger Federer (5)
91.8%
Pete Sampras (12)
90.3%
Novak Djokovic (14)
87.9%
Andre Agassi (5)
87.2%
Andre Agassi (3)
87.2%
John McEnroe (6)
86.4%
Björn Borg (8)
83.9%
Steffi Graf (8)
83%
Steffi Graf (14)
83%
tennis player % Correct
Martina Navratilova (15)
79.2%
Naomi Osaka, Kim Clijsters, Victoria Azarenka, Li Na, Maria Sharapova, Petra Kvitová, Garbiñe Muguruza (2)
76.5%
Jimmy Connors (5)
74.6%
Ivan Lendl (7)
70.2%
Chris Evert (9)
67%
Chris Evert (9)
67%
Monica Seles (9)
63.9%
Billie Jean King (7)
63.7%
Martina Hingis (5)
60%
Justine Henin (7)
51.7%
Margaret Court (8)
46.9%
Jim Courier (4)
45.4%
Mats Wilander (7)
43.7%
Angelique Kerber (3)
30.4%
John Newcombe (5)
28.5%

You're not logged in!

Compare scores with friends on all Sporcle quizzes.
OR
Log In

You Might Also Like...

Show Comments

Extras

Top Quizzes Today


Score Distribution

Your Account Isn't Verified!

In order to create a playlist on Sporcle, you need to verify the email address you used during registration. Go to your Sporcle Settings to finish the process.

Report this User

Report this user for behavior that violates our Community Guidelines.

Details: